000 00332nam a2200133Ia 4500
008 210210b1990 xxu||||| |||| 00| 0 eng d
082 _a370.1 NAIS
100 _aNAIK (Gregory).
245 _aS I P method of school improvement.
260 _aND
_bOperation M A G I S
_c1990
300 _a79
690 _aEducation
906 _a044651
999 _c94135
_d94135